000 00436nam a2200121Ia 4500
008 171212s9999 xx 000 0 und d
100 _aKerman, Joseph
245 _cKerman, Joseph
_aArt of Fugue
_bBach Fugues for Keyboard, 1715–1750
260 _bUniversity of California Press
_c2005
650 _aFugue; Bach, Johann Sebastian, 1685–1750. Keyboard music
650 _aMusic
856 _uhttp://jstor.org/stable/10.1525/j.ctt1ffjn2z
999 _c352963
_d352963